000 01849 a2200229 4500
001 30079
005 20260407155611.0
008 260407a2014 arg spa d
003 AR-UNSa-BCEJYS
040 _aAR-UNSa-BCEJYS
_bspa
_cAR-UNSa-BCEJYS
080 _a342.7
_xDerechos fundamentales. Derechos humanos. Derechos y deberes de los ciudadanos (Derecho a la Salud, vivienda)
245 1 0 _aCuestiones actuales en la investigación de graves violaciones de Derechos Humanos
020 _a978-987-3720-06-2
264 1 _aBuenos Aires :
_bMinisterio de Justicia y Derechos Humanos de la Nación
_c2014
300 _axiii, 176 p.
_c23 cm.
505 _a1. Aspectos de la teoría de la empresa criminal común en la jurisprudencia del Tribunal Penal Internacional para la ex-Yugoslavia - 2. El Tribunal Penal Internacional de la ex-Yugoslavia y el caso Perisic - 3. Influencia de la Jurisprudencia del Tribunal Penal Internacional para la ex-Yugoslavia. Sentencias que condenaron en nuestro país al delito de violación como crimen de lesa humanidad - 4. Nota sobre el jusgamiento de la criminalidad económica de la última dictadura militar en Argentina - 5. Comentario al caso Perisic del Tribunal Penal Internacional para la ex-Yugoslavia - 6. La participación criminal de comandantes en genocidios, crímenes de guerra y delitos de lesa humanidad. El caso Perisic (TPIY) y una inadecuada conclusión dogmática - 7. Las inmunidades de los magistrados y la obligación estatal de investigar y juzgar los crímenes contra la humanidad
041 _aspa
942 _cBK
590 _aniveau_biblio:m niveau_hierar:0
100 1 _aRey, Sebastián Alejandro
856 4 1 _uhttps://biblioeco.unsa.edu.ar/pmb/images/libros/Cuestiones Actuales en la Investigacion de Graves Violaciones de Derechos Humanos-l125113.jpg
_yImagen de portada
_qimage/jpeg
999 _c2006
_d2006